[Event "Brasilia op"]
[Site "Brasilia"]
[Date "2012.09.??"]
[Round "6.13"]
[White "Nascimento, Pedro Henrique Alve"]
[Black "De Asis Dirceu, Viana Jr"]
[Result "0-1"]
[WhiteElo "1804"]
[BlackElo "2286"]
[PlyCount "81"]
[EventDate "2012.09.06"]
[EventType "swiss"]
[EventRounds "6"]
[EventCountry "BRA"]
[SourceTitle "EXT 2022"]
[Source "ChessBase"]
[SourceDate "2021.10.06"]
[SourceVersion "1"]
[SourceVersionDate "2021.10.06"]
[SourceQuality "1"]

1. d4 d5 2. c4 c6 3. Nf3 Nf6 4. Nc3 dxc4 5. a4 Na6 6. e4 Bg4 7. Bxc4 Bxf3 8. gxf3 e6 9. Bxa6 bxa6 10. Bg5 Be7 11. Rg1 0-0 12. Bh6 Ne8 13. f4 Kh8 14. Bg5 f6 15. Bh4 Rb8 16. Rb1 Rb4 17. d5 cxd5 18. exd5 exd5 19. Nxd5 Re4+ 20. Kf1 Bc5 21. Nc3 Rd4 22. Qe2 Qd7 23. Bg3 Nd6 24. Rd1 Nb5 25. Rg2 Re8 26. Qc2 Bb4 27. Rxd4 Nxd4 28. Qd1 Qe6 29. f3 Bxc3 30. bxc3 Qc4+ 31. Kg1 Qxc3 32. Kh1 h5 33. Rd2 Nf5 34. Rd8 Rxd8 35. Qxd8+ Kh7 36. Qd1 Qe3 37. Kg2 h4 38. Qc2 g6 39. Bf2 h3+ 40. Kxh3 Qxf3+ 41. Bg3 0-1

[Event "Rio de Janeiro CXG op 3rd"]
[Site "Rio de Janeiro"]
[Date "2009.10.24"]
[Round "6.2"]
[White "De Asis Dirceu, Viana Jr"]
[Black "Ramos, Angelo Bil"]
[Result "0-1"]
[WhiteElo "2300"]
[BlackElo "2124"]
[PlyCount "128"]
[EventDate "2009.09.19"]
[EventType "swiss"]
[EventRounds "7"]
[EventCountry "BRA"]
[SourceTitle "EXT 2022"]
[Source "ChessBase"]
[SourceDate "2021.10.06"]
[SourceVersion "1"]
[SourceVersionDate "2021.10.06"]
[SourceQuality "1"]

1. e4 c5 2. Nf3 Nc6 3. d4 cxd4 4. Nxd4 Nf6 5. Nc3 e5 6. Ndb5 d6 7. Bg5 a6 8. Na3 b5 9. Nd5 Be7 10. Bxf6 Bxf6 11. c4 b4 12. Nc2 0-0 13. Be2 Bg5 14. 0-0 Rb8 15. Qd3 Be6 16. b3 Qa5 17. Rfd1 Qc5 18. Qg3 Bd8 19. Bg4 Rb7 20. Qh3 Kh8 21. Rd3 a5 22. Rad1 Bg5 23. Rf3 Nd4 24. Nxd4 Bxd5 25. Bf5 h6 26. Nb5 Bc6 27. Nxd6 Rbb8 28. Rfd3 a4 29. Bd7 axb3 30. axb3 Ba8 31. Qf3 Bf6 32. Nf5 Rb6 33. Bb5 Kh7 34. Ne3 Rbb8 35. Nd5 Bxd5 36. Rxd5 Qa7 37. g3 Kg8 38. Bd7 Qc7 39. c5 Be7 40. c6 g6 41. Qe3 Kg7 42. h4 h5 43. Kg2 Ra8 44. Qd3 Rfb8 45. Qc4 Ra2 46. Rb5 Qa7 47. Rf1 Rxb5 48. Qxb5 Bc5 49. Kh3 Qb6 50. Qxb6 Bxb6 51. Rc1 Bc7 52. Rc4 Kf6 53. Rxb4 Ke7 54. Kg2 Rb2 55. Rb7 Kd6 56. Kf3 f6 57. Ke3 g5 58. f3 Rb1 59. f4 Re1+ 60. Kf2 Rxe4 61. fxg5 fxg5 62. hxg5 h4 63. g6 hxg3+ 64. Kxg3 Re1 0-1

[Event "Rio de Janeiro CXG op 3rd"]
[Site "Rio de Janeiro"]
[Date "2009.09.19"]
[Round "1.1"]
[White "Zacarias, Rodrigo Medeiros"]
[Black "De Asis Dirceu, Viana Jr"]
[Result "0-1"]
[WhiteElo "2049"]
[BlackElo "2300"]
[PlyCount "64"]
[EventDate "2009.09.19"]
[EventType "swiss"]
[EventRounds "7"]
[EventCountry "BRA"]
[SourceTitle "EXT 2022"]
[Source "ChessBase"]
[SourceDate "2021.10.06"]
[SourceVersion "1"]
[SourceVersionDate "2021.10.06"]
[SourceQuality "1"]

1. e4 c5 2. Nf3 e6 3. d4 cxd4 4. Nxd4 a6 5. Nc3 Qc7 6. Bd3 Nf6 7. 0-0 Nc6 8. Nb3 Be7 9. f4 d6 10. a3 0-0 11. Be3 b5 12. Qf3 Bb7 13. Qh3 Rfe8 14. Kh1 b4 15. axb4 Nxb4 16. Na5 Bc8 17. Qf3 Rb8 18. Rfb1 Nd7 19. Bd4 Nc5 20. Qg3 g6 21. Nc4 Ncxd3 22. cxd3 Nc2 23. Qf2 Nxa1 24. Rxa1 Bb7 25. f5 exf5 26. exf5 Qd7 27. fxg6 fxg6 28. Re1 Rf8 29. Qe3 Rbe8 30. Nb6 Qf5 31. Qh6 Bf6 32. Rxe8 Qf1+ 0-1

[Event "BRA TR Sudeste"]
[Site "Vitoria"]
[Date "2008.05.02"]
[Round "3.9"]
[White "De Asis Dirceu, Viana Jr"]
[Black "Teixeira, Wesley de Araujo"]
[Result "1-0"]
[WhiteElo "2286"]
[BlackElo "1929"]
[PlyCount "91"]
[EventDate "2008.05.01"]
[EventType "swiss"]
[EventRounds "7"]
[EventCountry "BRA"]
[SourceTitle "EXT 2022"]
[Source "ChessBase"]
[SourceDate "2021.10.06"]
[SourceVersion "1"]
[SourceVersionDate "2021.10.06"]
[SourceQuality "1"]

1. e4 e5 2. Nf3 Nf6 3. Nc3 Nc6 4. d4 exd4 5. Nxd4 Nxd4 6. Qxd4 d6 7. f3 Be7 8. Be3 0-0 9. 0-0-0 a6 10. g4 b5 11. g5 c5 12. Qd2 Nd7 13. Nd5 Ne5 14. Be2 Nc4 15. Bxc4 bxc4 16. Nxe7+ Qxe7 17. Qxd6 Qb7 18. Bxc5 Be6 19. Qe5 Qb5 20. Bd4 Qxe5 21. Bxe5 Rfd8 22. Bc7 Rdc8 23. Ba5 Kf8 24. Rd4 Ke8 25. f4 g6 26. Kd2 Ra7 27. Kc3 Rb8 28. Rhd1 Rab7 29. Rd8+ Ke7 30. Rxb8 Rxb8 31. Bb4+ Ke8 32. Rd6 Ra8 33. Kd4 Rd8 34. Ke5 Rxd6 35. Bxd6 Kd7 36. f5 gxf5 37. exf5 f6+ 38. Kxf6 Bd5 39. Ke5 Bf7 40. Bb4 Bh5 41. Kf6 c3 42. Bxc3 Bd1 43. g6 hxg6 44. fxg6 Bxc2 45. g7 Bh7 46. Kf7 1-0

[Event "Rio de Janeiro State-ch"]
[Site "Rio de Janeiro"]
[Date "2008.01.26"]
[Round "4.4"]
[White "Maia, Jose Eduardo Bastos"]
[Black "De Asis Dirceu, Viana Jr"]
[Result "1/2-1/2"]
[WhiteElo "2149"]
[BlackElo "2266"]
[PlyCount "74"]
[EventDate "2008.01.19"]
[EventType "swiss"]
[EventRounds "7"]
[EventCountry "BRA"]
[SourceTitle "EXT 2022"]
[Source "ChessBase"]
[SourceDate "2021.10.06"]
[SourceVersion "1"]
[SourceVersionDate "2021.10.06"]
[SourceQuality "1"]

1. d4 d5 2. Nf3 c6 3. c4 Nf6 4. cxd5 cxd5 5. Nc3 Nc6 6. Bf4 Ne4 7. e3 Nxc3 8. bxc3 g6 9. Bd3 Bg7 10. 0-0 0-0 11. h3 b6 12. c4 dxc4 13. Bxc4 Bb7 14. Qe2 Qd7 15. Rac1 Rac8 16. Bb5 Qf5 17. Ba6 Bxa6 18. Qxa6 Qd7 19. Rc4 Na5 20. Rxc8 Rxc8 21. Rd1 Qb7 22. Qe2 Qe4 23. Qa6 Qb7 24. Qe2 Rc4 25. Qd3 Qc8 26. d5 Rc3 27. Qe4 Qb7 28. Ne5 f5 29. Qb4 Rc5 30. Qa4 Rc8 31. d6 exd6 32. Rxd6 Qe7 33. Qd4 Bxe5 34. Bxe5 Nc4 35. Qd5+ Qf7 36. Rd8+ Rxd8 37. Qxd8+ Qf8 1/2-1/2

[Event "Rio de Janeiro Ferreira Memorial"]
[Site "Rio de Janeiro"]
[Date "2007.11.24"]
[Round "10"]
[White "Ramos, Angelo Bil"]
[Black "De Asis Dirceu, Viana Jr"]
[Result "1/2-1/2"]
[WhiteElo "2197"]
[BlackElo "2266"]
[PlyCount "148"]
[EventDate "2007.10.20"]
[EventType "tourn"]
[EventRounds "11"]
[EventCountry "BRA"]
[SourceTitle "EXT 2009"]
[Source "ChessBase"]
[SourceDate "2008.11.26"]
[SourceVersion "1"]
[SourceVersionDate "2008.11.26"]
[SourceQuality "1"]

1. e4 e5 2. Nf3 Nc6 3. Bb5 a6 4. Ba4 Nf6 5. 0-0 Be7 6. Re1 b5 7. Bb3 d6 8. c3 0-0 9. h3 Na5 10. Bc2 c5 11. d4 Qc7 12. Nbd2 cxd4 13. cxd4 Nc6 14. d5 Nb4 15. Bb1 a5 16. Nf1 Bd7 17. Bd2 Na6 18. Bc2 Rfc8 19. Rc1 Bd8 20. a3 b4 21. Ba4 Bxa4 22. Qxa4 Nc5 23. Qd1 Qb7 24. Ng3 Nd3 25. Rxc8 Rxc8 26. Re3 Nxb2 27. Qb1 Nc4 28. Rb3 Bb6 29. axb4 a4 30. Rd3 Qa7 31. Be1 g6 32. Rc3 Bd4 33. Rc2 Nd7 34. Ne2 a3 35. Qa2 Bb2 36. Nd2 Ndb6 37. Nb3 Qd7 38. Nc3 f6 39. Na5 Nxa5 40. bxa5 Na4 41. Qb3 Nc5 42. Qb6 Qc7 43. Qxc7 Rxc7 44. Na2 Rb7 45. Bb4 Nxe4 46. a6 Ra7 47. Rc6 Bd4 48. Bxa3 Bxf2+ 49. Kf1 Bd4 50. Bxd6 Nxd6 51. Rxd6 e4 52. Nb4 Bc5 53. Nc6 Bxd6 54. Nxa7 Kf7 55. Nc8 Bc5 56. a7 Bxa7 57. Nxa7 f5 58. Kf2 Kf6 59. Nc6 f4 60. Ke2 g5 61. Kf2 h5 62. Ke2 g4 63. hxg4 hxg4 64. Kf2 g3+ 65. Ke2 Kf5 66. Kf1 f3 67. gxf3 exf3 68. Kg1 g2 69. Kf2 Kf6 70. Kg1 Kf5 71. Kf2 Kf6 72. Nb4 Ke5 73. Kg1 Kd6 74. Kf2 Ke5 1/2-1/2

[Event "Rio de Janeiro Ferreira Memorial"]
[Site "Rio de Janeiro"]
[Date "2007.10.27"]
[Round "3"]
[White "Maia, Marco Aurelio Ferre"]
[Black "De Asis Dirceu, Viana Jr"]
[Result "0-1"]
[WhiteElo "2129"]
[BlackElo "2266"]
[PlyCount "100"]
[EventDate "2007.10.20"]
[EventType "tourn"]
[EventRounds "11"]
[EventCountry "BRA"]
[SourceTitle "EXT 2009"]
[Source "ChessBase"]
[SourceDate "2008.11.26"]
[SourceVersion "1"]
[SourceVersionDate "2008.11.26"]
[SourceQuality "1"]

1. d4 d6 2. Nf3 Bg4 3. g3 Bxf3 4. exf3 g6 5. Bg2 Bg7 6. c3 Nd7 7. 0-0 e6 8. Re1 Ne7 9. Na3 0-0 10. Nc2 c6 11. Bg5 h6 12. Bxe7 Qxe7 13. Ne3 Nf6 14. Qb3 Rfe8 15. Rad1 Qc7 16. Qa3 Bf8 17. Qb3 Rad8 18. f4 d5 19. Re2 Qb6 20. Rde1 Rc8 21. Bf3 Red8 22. Ng4 Nxg4 23. Bxg4 Rd6 24. h4 h5 25. Bh3 c5 26. dxc5 Rxc5 27. Qxb6 Rxb6 28. Rd2 Bg7 29. Ree2 Rbc6 30. Bg2 b5 31. Bf3 Rb6 32. Kg2 b4 33. cxb4 Rxb4 34. b3 Rb6 35. Rc2 Bc3 36. Re3 Rbc6 37. Rd3 Kg7 38. Be2 Kf6 39. Kf3 Ke7 40. Rd1 a5 41. Bd3 Rc7 42. Rdc1 Kf8 43. Re2 Kg7 44. Rcc2 Re7 45. Re1 Rec7 46. Ree2 R7c6 47. Kg2 f6 48. f3 e5 49. fxe5 fxe5 50. Kf1 Kf6 0-1

[Event "Magistral Vince Toth 4th"]
[Site "Rio de Janeiro"]
[Date "2002.08.08"]
[Round "4"]
[White "De Asis Dirceu, Viana Jr"]
[Black "Soppe, Guillermo"]
[Result "0-1"]
[WhiteElo "2273"]
[BlackElo "2469"]
[PlyCount "56"]
[EventDate "2002.08.06"]
[EventType "tourn"]
[EventRounds "11"]
[EventCountry "BRA"]
[EventCategory "4"]
[SourceTitle "CBM 089 Extra"]
[Source "ChessBase"]
[SourceDate "2002.09.10"]
[SourceVersion "2"]
[SourceVersionDate "2002.09.10"]
[SourceQuality "1"]

1. e4 c6 2. c4 d5 3. exd5 cxd5 4. cxd5 Nf6 5. Bb5+ Nbd7 6. Nc3 a6 7. Qa4 g6 8. Nf3 Bg7 9. 0-0 0-0 10. Bxd7 Bxd7 11. Qh4 h6 12. d6 exd6 13. d4 Nh5 14. Qxd8 Raxd8 15. h3 f5 16. d5 g5 17. Be3 g4 18. hxg4 fxg4 19. Nd4 Rde8 20. Rad1 g3 21. Nde2 b5 22. a3 a5 23. b4 axb4 24. axb4 Rc8 25. Bd4 Rc4 26. Bxg7 Kxg7 27. Rd4 Rfc8 28. f3 Rxd4 0-1

[Event "Capablanca Memorial Mixto 32nd"]
[Site "Cienfuegos"]
[Date "1997.??.??"]
[Round "5"]
[White "De Asis Dirceu, Viana Jr"]
[Black "Arribas Robaina, Maritza"]
[Result "1/2-1/2"]
[WhiteElo "2380"]
[BlackElo "2270"]
[PlyCount "78"]
[EventDate "1997.05.??"]
[EventType "tourn"]
[EventRounds "13"]
[EventCountry "CUB"]
[SourceTitle "EXT 1998"]
[Source "ChessBase"]
[SourceDate "1997.11.17"]
[SourceVersion "1"]
[SourceVersionDate "1997.11.17"]
[SourceQuality "1"]

1. d4 Nf6 2. Nf3 g6 3. Bf4 Bg7 4. e3 0-0 5. h3 b6 6. Nbd2 Bb7 7. c3 d6 8. Bc4 Nbd7 9. 0-0 Ne4 10. Bh2 e5 11. a4 a6 12. Qe2 Kh8 13. Rfd1 Qe7 14. Nxe4 Bxe4 15. dxe5 dxe5 16. Bd5 Bxd5 17. Rxd5 c6 18. Rdd1 b5 19. axb5 axb5 20. Rxa8 Rxa8 21. Qd2 Nc5 22. Kf1 f6 23. Qd6 Qxd6 24. Rxd6 Rc8 25. g4 Kg8 26. g5 Ne4 27. Rd7 Nxg5 28. Nxg5 fxg5 29. Re7 Bf6 30. Ra7 Re8 31. Rc7 Re6 32. e4 Be7 33. Ke2 Kf7 34. f3 h5 35. Bg1 Kf6 36. Be3 Bd8 37. Rc8 Be7 38. Rc7 Bd8 39. Rc8 Be7 1/2-1/2

[Event "Capablanca Memorial Mixto 32nd"]
[Site "Cienfuegos"]
[Date "1997.??.??"]
[Round "3"]
[White "De Asis Dirceu, Viana Jr"]
[Black "Fierro Baquero, Martha Lorena"]
[Result "0-1"]
[WhiteElo "2380"]
[BlackElo "2205"]
[PlyCount "42"]
[EventDate "1997.05.??"]
[EventType "tourn"]
[EventRounds "13"]
[EventCountry "CUB"]
[SourceTitle "EXT 1998"]
[Source "ChessBase"]
[SourceDate "1997.11.17"]
[SourceVersion "1"]
[SourceVersionDate "1997.11.17"]
[SourceQuality "1"]

1. e4 c5 2. Nc3 Nc6 3. f4 g6 4. Nf3 Bg7 5. Bb5 Nd4 6. a4 e6 7. Nxd4 cxd4 8. Ne2 Nf6 9. e5 Nd5 10. c4 Nb4 11. Qb3 Qa5 12. 0-0 d3 13. Ng3 a6 14. Ne4 0-0 15. Rb1 axb5 16. axb5 Qa2 17. Qxb4 Qxb1 18. Nf6+ Bxf6 19. exf6 Ra1 20. f5 Qc2 21. fxg6 hxg6 0-1

[Event "Biel MTO op"]
[Site "Biel"]
[Date "1993.??.??"]
[Round "5"]
[White "De Asis Dirceu, Viana Jr"]
[Black "Raetsky, Alexander"]
[Result "0-1"]
[WhiteElo "2400"]
[BlackElo "2405"]
[PlyCount "66"]
[EventDate "1993.07.??"]
[EventType "swiss"]
[EventRounds "11"]
[EventCountry "SUI"]
[SourceTitle "TD"]
[Source "ChessBase"]
[SourceDate "1994.03.01"]
[SourceVersion "1"]
[SourceVersionDate "1994.03.01"]
[SourceQuality "1"]

1. e4 e5 2. Bc4 Nf6 3. d3 c6 4. Nf3 d5 5. Bb3 Bd6 6. Nc3 dxe4 7. Ng5 0-0 8. Ncxe4 Nxe4 9. Nxe4 Bf5 10. Nxd6 Qxd6 11. 0-0 Nd7 12. f4 Qg6 13. fxe5 Nxe5 14. Bf4 Rfe8 15. Qd2 Nd7 16. Rae1 Be6 17. Qb4 b6 18. Qd6 Bxb3 19. Qxd7 Red8 20. Qb7 Bxc2 21. Rf3 Bxd3 22. Rg3 Qf5 23. Bh6 Qc5+ 24. Be3 Qd5 25. Rg5 Qd7 26. Qxd7 Rxd7 27. Re5 f6 28. Re6 c5 29. Bf4 Bc4 30. Rc6 Bxa2 31. Ra1 Bd5 32. Rc7 Rxc7 33. Bxc7 Kf7 0-1

[Event "Rio de Janeiro-ch Absoluto"]
[Site "Rio de Janeiro"]
[Date "1988.07.16"]
[Round "3"]
[White "Da Rocha, Cleber Lemos"]
[Black "De Asis Dirceu, Viana Jr"]
[Result "0-1"]
[WhiteElo "1954"]
[BlackElo "2064"]
[PlyCount "80"]
[EventDate "1988.07.09"]
[EventType "swiss"]
[EventRounds "7"]
[EventCountry "BRA"]
[SourceTitle "EXT 2007"]
[Source "ChessBase"]
[SourceDate "2006.11.23"]
[SourceVersion "1"]
[SourceVersionDate "2006.11.23"]
[SourceQuality "1"]

1. d4 d5 2. c4 dxc4 3. Nf3 a6 4. a4 Bg4 5. Ne5 Bh5 6. g3 Qd5 7. Rg1 c6 8. Bg2 Qd8 9. a5 Nd7 10. Nxc4 e6 11. Bf4 Bb4+ 12. Nc3 Qe7 13. f3 Ngf6 14. Kf2 Nd5 15. Bd2 0-0 16. e4 N5f6 17. Re1 e5 18. Nxe5 Nxe5 19. dxe5 Nd7 20. Bf1 Nxe5 21. Be2 Rad8 22. Qc2 Qd7 23. Be3 Qh3 24. Rh1 Rd7 25. Qb3 Be7 26. Bf1 Qe6 27. Qxe6 fxe6 28. Bf4 Bc5+ 29. Kg2 Bxf3+ 30. Kh3 Ng6 31. Bc4 Nxf4+ 32. gxf4 Rd2 33. Bxe6+ Kh8 34. Rhb1 Rxf4 35. Kg3 Rf6 36. Bf5 Bh5 37. Rf1 Bd6+ 38. Kh4 g6 39. Kg5 Kg7 40. e5 h6+ 0-1

[Event "Rio de Janeiro-ch Absoluto"]
[Site "Rio de Janeiro"]
[Date "1988.07.10"]
[Round "2"]
[White "De Asis Dirceu, Viana Jr"]
[Black "D'Oliveira, Marcos Arruda"]
[Result "1/2-1/2"]
[WhiteElo "2064"]
[BlackElo "1933"]
[PlyCount "61"]
[EventDate "1988.07.09"]
[EventType "swiss"]
[EventRounds "7"]
[EventCountry "BRA"]
[SourceTitle "EXT 2007"]
[Source "ChessBase"]
[SourceDate "2006.11.23"]
[SourceVersion "1"]
[SourceVersionDate "2006.11.23"]
[SourceQuality "1"]

1. e4 Nf6 2. e5 Nd5 3. d4 d6 4. Nf3 Bg4 5. Be2 c6 6. c4 Nb6 7. Nbd2 dxe5 8. Nxe5 Bxe2 9. Qxe2 Qxd4 10. 0-0 N8d7 11. Ndf3 Qd6 12. Rd1 Qe6 13. Bf4 Nxe5 14. Nxe5 g6 15. a4 f6 16. a5 Nc8 17. a6 b6 18. Qf3 fxe5 19. Bxe5 Rg8 20. Bc7 Qf6 21. Rd8+ Kf7 22. Ra3 Bg7 23. Qd1 Nd6 24. Rxd6 exd6 25. Rf3 Rge8 26. Rxf6+ Bxf6 27. g3 Re6 28. Qf3 d5 29. cxd5 cxd5 30. Qxd5 Rae8 31. b4 1/2-1/2

[Event "Rio de Janeiro-ch Carioca"]
[Site "Rio de Janeiro"]
[Date "1986.05.22"]
[Round "3"]
[White "De Asis Dirceu, Viana Jr"]
[Black "Costa, Harry Andriolo"]
[Result "1-0"]
[WhiteElo "1945"]
[BlackElo "1832"]
[PlyCount "25"]
[EventDate "1986.05.17"]
[EventType "swiss"]
[EventRounds "9"]
[EventCountry "BRA"]
[SourceTitle "EXT 2007"]
[Source "ChessBase"]
[SourceDate "2006.11.23"]
[SourceVersion "1"]
[SourceVersionDate "2006.11.23"]
[SourceQuality "1"]

1. e4 c5 2. Nc3 d6 3. f4 g6 4. Nf3 Bg7 5. Bc4 e6 6. 0-0 Ne7 7. f5 exf5 8. d3 0-0 9. Qe1 h6 10. Qh4 Nd7 11. Bxh6 Bxh6 12. Qxh6 Nf6 13. Ng5 1-0